000 00791nam a22002537a 4500
001 BR7804083
003 BR-BrBNA
005 20230928085636.0
007 ta
008 230509b bl.||||| |||| 00| 0 por d
040 _aBR-BrBNA
_bpor
_cBiblioteca Nacional de Agricultura
041 _a(Por)
072 _aE30
_b/G514
090 _ E30 BR7804083
110 1 _aMinisterio do Interior, Brasilia, DF (Brasil). Secretaria Geral
_97122
245 1 _aAtuacao do MINTER no ano de 1977 [Ministerio do Interior; Desenvolvimento economico; Brasil]
260 3 _aBrasilia, DF (Brasil):
_c1978.
300 _a68 p.
650 _aDesenvolvimento agricola
650 _aDesenvolvimento economico
650 _aProjeto de desenvolvimento
909 _a202309
_bLucia
_c55
_dLucia Elande
942 _cBK
999 _c25542
_d25542